Interaction of CTCF and its interacting partners in hyphertrophic scar and normal fibroblasts following chitosan derivatives treatment /
Saved in:
| Main Author: | |
|---|---|
| Format: | Thesis |
| Language: | English |
| Published: |
Glugor, Pulau Pinang :
Universiti Sains Malaysia,
2010
|
| Subjects: | |
| Tags: |
Add Tag
No Tags, Be the first to tag this record!
|
| LEADER | 011350000a22002530004500 | ||
|---|---|---|---|
| 008 | 150526t2010 my ad f m 000 0 eng d | ||
| 040 | |a UIAM |b eng |e rda | ||
| 041 | |a eng may | ||
| 050 | 0 | |a RD94 | |
| 100 | 0 | |a Mohammad Syaiful Bahari bin Abdull Rasad, |e author | |
| 245 | 1 | 0 | |a Interaction of CTCF and its interacting partners in hyphertrophic scar and normal fibroblasts following chitosan derivatives treatment / |c by Mohammad Syaiful Bahari bin Abdull Rasad |
| 264 | 1 | |a Glugor, Pulau Pinang : |b Universiti Sains Malaysia, |c 2010 | |
| 300 | |a xxiii, 331 leaves : |b illustrations, charts ; |c 30 cm. | ||
| 336 | |2 rdacontent |a text | ||
| 337 | |2 rdamedia |a unmediated | ||
| 338 | |2 rdacarrier |a volume | ||
| 502 | |a Thesis (P.h. D)--Universiti Sains Malaysia, 2010. | ||
| 504 | |a Includes bibliographical references (leaves 274-331). | ||
| 596 | |a 6 | ||
| 655 | 0 | 7 | |a Theses, non-IIUM |
| 710 | 2 | |a Universiti Sains Malaysia. |b School of Medical Sciences | |
| 900 | |a oc-hj-a jt | ||
| 999 | |c 437791 |d 469975 | ||
| 952 | |0 0 |6 T RD 000094 M697I 2010 |7 0 |8 THESES |9 760384 |a KIMC |b KIMC |c CLOSEACCES |g 0.00 |o t RD 94 M697I 2010 |p 11100340771 |r 2019-09-04 |t 1 |v 0.00 |y THESIS | ||
